| Tag |
First Indicator |
Second Indicator |
Subfields |
| LEADER |
00000pam a2200000 a 4500 |
| 001 |
in00000089546 |
| 005 |
20151008065412.0 |
| 008 |
790523s1980 nyua b 00110 engm |
| 010 |
|
|
|a 79015681
|
| 020 |
|
|
|a 0023046007
|
| 035 |
|
|
|a (OCoLC)05101462
|
| 035 |
|
|
|9 AAK5884AM
|
| 040 |
|
|
|a DLC
|c DLC
|d m.c.
|d TXA
|d UtOrBLW
|
| 049 |
|
|
|a TXAM
|c [1387595]
|
| 050 |
0 |
0 |
|a RT41
|b .A82
|
| 060 |
|
0 |
|a WY100.3A876m
|
| 082 |
0 |
|
|a 610.73
|
| 100 |
1 |
|
|a Atkinson, Leslie D.
|
| 245 |
1 |
0 |
|a Understanding the nursing process /
|c Leslie D. Atkinson, Mary Ellen Murray ; illustrated by Mark Atkinson.
|
| 264 |
|
1 |
|a New York :
|b Macmillan ;
|a London :
|b Collier Macmillan,
|c [1980]
|
| 264 |
|
4 |
|c ©1980
|
| 300 |
|
|
|a x, 96 pages :
|b illustrations ;
|c 24 cm.
|
| 336 |
|
|
|a text
|b txt
|2 rdacontent
|
| 337 |
|
|
|a unmediated
|b n
|2 rdamedia
|
| 338 |
|
|
|a volume
|b nc
|2 rdacarrier
|
| 500 |
|
|
|a Includes index.
|
| 504 |
|
|
|a Bibliography: page 61.
|
| 650 |
|
0 |
|a Nursing.
|
| 650 |
|
2 |
|a Nursing.
|
| 650 |
|
2 |
|a Nursing Care.
|
| 700 |
1 |
|
|a Murray, Mary Ellen.
|
| 999 |
|
|
|a MARS
|
| 999 |
f |
f |
|s 189a476f-5459-3715-8ef2-6c96117f4ad8
|i 7a65a97d-e3f4-3c1d-9d51-c9aa9e9769ff
|t 0
|
| 952 |
f |
f |
|p ric
|a Texas A&M University
|b Rellis Campus
|c Joint Library Facility
|d Remote Storage
|t 0
|e RT41 .A82
|h Library of Congress classification
|i unmediated -- volume
|m A14806233218
|
| 998 |
f |
f |
|a RT41 .A82
|t 0
|l Remote Storage
|